[Event "Classics GMB"]
[Site "Gausdal NOR"]
[Date "2006.04.28"]
[Round "6"]
[White "Nyland,T"]
[Black "Vea,O"]
[Result "0-1"]
[WhiteElo "2172"]
[BlackElo "2143"]

1.d4 d5 2.c4 Nc6 3.Nc3 dxc4 4.e3 e5 5.d5 Nce7 6.Bxc4 a6 7.a4 Nf5 8.e4 Nd6
9.Bd3 Ne7 10.f4 Ng6 11.fxe5 Nxe5 12.Bf4 Qe7 13.Bxe5 Qxe5 14.Nf3 Qh5 15.e5 Nf5
16.Qd2 Bc5 17.Bxf5 Bxf5 18.Qf4 h6 19.h3 Bh7 20.Qc4 b6 21.b4 Be3 22.Qc6+ Ke7
23.Qxc7+ Kf8 24.d6 Qg6 25.Qe7+ Kg8 26.d7 Qg3+ 27.Kd1 Bf5 28.d8=Q+ Rxd8+ 29.Qxd8+ Kh7
30.Qd5 Qxg2 31.Nd2 Qg5 32.Nce4 Qh5+ 33.Kc1 Rc8+ 34.Kb2 Bxd2 35.Nxd2 Rc2+
36.Ka3 Qe2 37.Rhe1 Qxd2 38.Qxd2 Rxd2 39.Re3 Be6 40.Rc3 b5 41.a5 Bd5 42.Rc7 Rd3+
43.Kb2 Rb3+ 44.Kc2 Rxb4 45.Ra7 Rc4+ 46.Kd3 Rc6 47.Rb7 Bc4+ 48.Kd4 Be6 49.Rb6 Rc4+
50.Ke3 Bc8 51.Rd1 Ra4 52.Rd8 Bxh3 53.Rxa6 b4 54.Rb8 Be6 55.Raa8 b3 56.a6 h5
57.Rh8+ Kg6 58.a7 b2 59.Rab8 Ra3+ 60.Kf4 Bd5 61.Rb6+ f6 62.exf6 gxf6 63.Rb3 Bxb3
64.a8=Q Rxa8 65.Rxa8 b1=Q 66.Ke3 Qc1+ 67.Kd4 Qd2+ 68.Kc5 Qc3+ 69.Kb6 Qb4+
70.Kc7 Qc5+ 71.Kb7 Bd5+ 72.Ka6 Qa3+ 73.Kb5 Qxa8 74.Kc5 Qc6+ 75.Kd4 Qc4+ 76.Ke3 Qc3+
77.Ke2 h4 78.Kf2 h3 79.Kf1 h2 80.Ke2 h1=Q  0-1

[Event "2nd Halkidiki Open"]
[Site "Kalithea GRE"]
[Date "2006.04.29"]
[Round "6"]
[White "Itkis,B"]
[Black "Renteria,R"]
[Result "1-0"]
[WhiteElo "2490"]
[BlackElo "2165"]

1.d4 d5 2.c4 Nc6 3.Nc3 dxc4 4.Nf3 Bg4 5.d5 Bxf3 6.exf3 Ne5 7.Bf4 Nd3+ 8.Bxd3 cxd3
9.Qb3 d2+ 10.Ke2 e5 11.dxe6 Qe7 12.Qxb7 Qxe6+ 13.Qe4 Rb8 14.Rab1 Bd6 15.Bxd6 cxd6
16.Kxd2 Kf8 17.Rhe1 Qh6+ 18.Qe3 Qxe3+ 19.fxe3 Nf6 20.Red1 Ke7 21.e4 Rb4 22.b3 Ke6
23.Ke3 Rc8 24.Rbc1 Rc5 25.Ne2 Rxc1 26.Rxc1 Kd7 27.g4 h6 28.h4 a5 29.Nd4 g6
30.Kd3 a4 31.a3 Rb8 32.b4 Ne8 33.Rh1 Nc7 34.h5 g5 35.Nf5 Nb5 36.Nxh6 Rc8
37.Nxf7 Rc3+ 38.Kd2 Rxa3 39.Nxg5 Ra2+ 40.Ke3 Ra3+ 41.Kf4 Nd4 42.Rh2  1-0

[Event "FSIMB May"]
[Site "Budapest HUN"]
[Date "2006.05.12"]
[Round "7"]
[White "McDonald Ross,M"]
[Black "Brustkern,J"]
[Result "0-1"]
[WhiteElo "2198"]
[BlackElo "2242"]

1.d4 d5 2.c4 Nc6 3.Nf3 Bg4 4.Nbd2 e6 5.e3 Nf6 6.a3 Be7 7.b4 a6 8.Bb2 Ne4
9.Nxe4 dxe4 10.h3 Bh5 11.g4 Bg6 12.Nd2 O-O 13.Qc2 Bh4 14.Bg2 f5 15.O-O Qg5
16.Qd1 Rad8 17.Qe2 Qh6 18.f3 exf3 19.Rxf3 fxg4 20.hxg4 Rxf3 21.Bxf3 Bg5 22.Nf1 Rf8
23.Re1 Bh4 24.Rd1 Qg5 25.Bc1 h5 26.Qg2 hxg4 27.Bxg4 Bf2+ 28.Kh2 Bf5 29.Bh3 Qh5
30.Rd2 Bxh3 31.Qxh3 Bg1+ 32.Kg2 Qxh3+ 33.Kxh3 Rxf1  0-1

[Event "37th Olympiad w"]
[Site "Turin ITA"]
[Date "2006.05.23"]
[Round "3"]
[White "Igla,B"]
[Black "Gara,A"]
[Result "1-0"]
[WhiteElo "2288"]
[BlackElo "2367"]

1.d4 d5 2.c4 Nc6 3.Nf3 Bg4 4.cxd5 Bxf3 5.gxf3 Qxd5 6.e3 e5 7.Nc3 Bb4 8.Bd2 Bxc3
9.bxc3 Nf6 10.c4 Qd6 11.d5 Ne7 12.Rb1 Nd7 13.Bb4 Nc5 14.Bxc5 Qxc5 15.Rxb7 O-O
16.Rb5 Qa3 17.Qb3 Qd6 18.Bd3 c6 19.dxc6 Rad8 20.Ke2 Nxc6 21.Rd1 Qe6 22.c5 Qe7
23.Qc4 g6 24.Rdb1 Rd7 25.Be4 Rc8 26.Bd5 a6 27.Rb6 Na5 28.Qxa6 Qxc5 29.e4 Rdc7
30.Rb8 Rxb8 31.Rxb8+ Kg7 32.Rb2 Nc6 33.Bxc6 Rxc6 34.Qd3 Rd6 35.Qc2 Qa3 36.Qb3 Qa6+
37.Qb5 Qxb5+ 38.Rxb5 Ra6 39.Rxe5 Rxa2+ 40.Kf1 Kf6 41.Rb5 Ke6 42.Kg2 Re2 43.Kg3 Kf6
44.Rb4 g5 45.Rb5 Kg6 46.Rb6+ Kg7 47.Rb5 Kg6 48.Rb6+ Kg7 49.Rb4 Kg6 50.f4 gxf4+
51.Kf3 Rc2 52.Rb6+ Kg7 53.h4 f6 54.Ra6 Rb2 55.Ra5 Kg6 56.Rf5 h5 57.Rxf4 Rb1
58.Rf5 Rh1 59.Rf4 Re1 60.Kg2 Re2 61.Kg3 Re1 62.f3 Rg1+ 63.Kh2 Rf1 64.Rf5 Re1
65.Ra5 Re2+ 66.Kg3 Re1 67.Ra6 Re2 68.Kf4 Re1 69.Re6 Rb1 70.Ra6 Re1 71.Ra2 Rg1
72.Rb2 Rh1 73.Rg2+ Kf7 74.Kf5 Rxh4 75.Ra2 Rh3 76.f4 Rf3 77.Ra7+ Kg8 78.Kg6 Rg3+
79.Kxf6 h4 80.e5 h3 81.e6 h2 82.e7 Re3 83.Ra1 Re2 84.Rh1 Re4 85.f5  1-0

[Event "37th Olympiad w"]
[Site "Turin ITA"]
[Date "2006.05.24"]
[Round "4"]
[White "Phan Koshnitsky,N"]
[Black "Benderac,A"]
[Result "1/2-1/2"]
[WhiteElo "2181"]
[BlackElo "2293"]

1.d4 d5 2.c4 Nc6 3.e3 e5 4.cxd5 Qxd5 5.Nc3 Bb4 6.a3 Bxc3+ 7.bxc3 exd4 8.cxd4 Nf6
9.Nf3 Bg4 10.Be2 Ne4 11.Qc2 O-O 12.O-O Rfe8 13.Rb1 a6 14.Bb2 Rad8 15.Ba1 Rd6
16.Ne1 Bxe2 17.Qxe2 Ng5 18.f4 Ne4 19.Nd3 Na5 20.Rfc1 c6 21.Nc5 Nxc5 22.Rxc5 Qe4
23.Rb6 Rd5 24.Bc3 Rxc5 25.dxc5 Nc4 26.Rxb7 Nxe3 27.Be5 f6 28.Rb3 fxe5 29.Qxe3 exf4
30.Qxe4 Rxe4 31.Rb6 Ra4 32.Rxc6 Rxa3 33.Kf2 g5 34.h3 Kg7 35.Rd6 h5 36.c6 Rc3
37.c7 Rxc7 38.Rxa6 Rc2+ 39.Kf3 Rc3+ 40.Kf2 g4 41.hxg4 hxg4 42.Ra4 g3+ 43.Ke2 Rc2+
44.Kf1 Rf2+ 45.Kg1 Kf6 46.Ra5 Ke6 47.Rb5 Rd2 48.Kf1 Rd5 49.Rb8 Rd1+ 50.Ke2 Rg1
51.Kf3 Rf1+ 52.Kg4 Rf2 53.Rf8 Ke5 54.Re8+ Kd4 55.Re7 Kd3 56.Re8 Re2 57.Rf8 Ke3
58.Rxf4 Rf2 59.Ra4 Rxg2 60.Ra3+ Kf2 61.Rf3+  1/2-1/2

[Event "37th Olympiad w"]
[Site "Turin ITA"]
[Date "2006.05.25"]
[Round "5"]
[White "Stolarczyk,An"]
[Black "Quinn,De"]
[Result "0-1"]
[WhiteElo "2036"]
[BlackElo "1813"]

1.d4 d5 2.c4 Nc6 3.Nf3 Bg4 4.e3 e6 5.Nc3 Nf6 6.cxd5 exd5 7.Bd3 Be7 8.Qb3 Rb8
9.Ne5 Nb4 10.Bb1 c6 11.O-O Na6 12.Bd3 Nc7 13.Qa4 Ra8 14.b4 O-O 15.Rb1 a6
16.Qc2 Bh5 17.a4 Bg6 18.Bxg6 hxg6 19.b5 cxb5 20.axb5 a5 21.Na4 Bb4 22.b6 Nb5
23.Qd3 Nd6 24.Ba3 Bxa3 25.Qxa3 Nfe4 26.Qa2 Qe8 27.Rfc1 Rc8 28.Nc5 Nxc5 29.Qxd5 Nce4
30.Nxg6 Nc3 31.Rxc3 Rxc3 32.Nxf8 Qxf8 33.Qxa5 Qc8 34.h3 Ne4 35.Qd5 Nd2 36.Rb5 Rc1+
37.Kh2 Nf1+  0-1

[Event "37th Olympiad w"]
[Site "Turin ITA"]
[Date "2006.05.30"]
[Round "9"]
[White "Bellin,J"]
[Black "Kopinits,A"]
[Result "1/2-1/2"]
[WhiteElo "2170"]
[BlackElo "2078"]

1.d4 d5 2.c4 Nc6 3.Nf3 Bg4 4.Nc3 e6 5.e3 Nf6 6.Qa4 Bxf3 7.gxf3 Nd7 8.cxd5 Nb6
9.Qb3 exd5 10.f4 Bb4 11.Bd2 O-O 12.h4 Re8 13.O-O-O Bf8 14.Ne2 a5 15.Kb1 Nc4
16.Ng3 a4 17.Qc2 Nxd2+ 18.Rxd2 a3 19.b3 Nb4 20.Qf5 c5 21.dxc5 Qa5 22.Bd3 Nxd3
23.Qxd3 Rac8 24.Rc1 Rxc5 25.Rxc5 Qxc5 26.Qxd5 Qb6 27.Qd4 Qg6+ 28.f5 Qc6 29.Qd5 Qc3
30.Qd4 Qc6 31.Qc4 Bc5 32.b4 Be7 33.Qxc6 bxc6 34.Rd4 Rb8 35.Kc2 Bxb4 36.Kd3 c5
37.Rd7  1/2-1/2

[Event "37th Olympiad w"]
[Site "Turin ITA"]
[Date "2006.06.02"]
[Round "11"]
[White "Cmilyte,V"]
[Black "Lomibao,S"]
[Result "1-0"]
[WhiteElo "2470"]
[BlackElo "2163"]

1.d4 d5 2.c4 Nc6 3.Nf3 Bg4 4.Nc3 Bxf3 5.exf3 e6 6.cxd5 exd5 7.Bb5 Nf6 8.O-O Be7
9.Bxc6+ bxc6 10.Bf4 O-O 11.Rc1 Bd6 12.Bg5 h6 13.Be3 Re8 14.Na4 Re6 15.Nc5 Bxc5
16.Rxc5 Nd7 17.Rc3 Qf6 18.Qd3 Rae8 19.Ra3 Ra8 20.Ra5 Nb6 21.b3 Qe7 22.h3 Nc8
23.Rc1 Qd7 24.Ra6 Rb8 25.f4 Rf6 26.a4 Rb6 27.Ra5 Rg6 28.Kh1 Rb7 29.f5 Rf6
30.g4 Nd6 31.Bf4 Ne4 32.Kg2 c5 33.dxc5 Rc6 34.f3 Nf6 35.Rb5 Qc8 36.b4 Ra6
37.a5 Qb8 38.Rxb7 Qxb7 39.Bd2 Ne8 40.Re1 Kf8 41.b5 Rf6 42.Qe2  1-0

[Event "37th Olympiad w"]
[Site "Turin ITA"]
[Date "2006.06.02"]
[Round "11"]
[White "Pasku,R"]
[Black "Quinn,De"]
[Result "1-0"]
[WhiteElo "1892"]
[BlackElo "1813"]

1.d4 d5 2.c4 Nc6 3.Nc3 dxc4 4.e3 Nf6 5.Bxc4 e5 6.d5 Na5 7.Qa4+ c6 8.dxc6 Nxc6
9.Nge2 Be7 10.O-O O-O 11.Rd1 Bd7 12.Qc2 Nb4 13.Qb1 Qc7 14.b3 a6 15.Bb2 b5
16.Nd5 Nfxd5 17.Bxd5 Rac8 18.Qe4 Qc2 19.Qxc2 Rxc2 20.Be4 Rxe2 21.Rxd7 Bh4
22.Ba3 Bxf2+ 23.Kf1 Rxe3 24.Bb7 Re1+ 25.Kxf2 Rxa1 26.Bxb4 Rb8 27.Bd5 Rxa2+
28.Ke3 a5 29.Bd6 Rc8 30.Bxe5 h5 31.Rxf7 Rcc2 32.Rf2+ Kh8 33.Rf8+ Kh7  1-0

[Event "Lasker Mem A"]
[Site "Barlinek POL"]
[Date "2006.06.04"]
[Round "2"]
[White "Czerwonski,A"]
[Black "Jaworski,Mac"]
[Result "1-0"]
[WhiteElo "2358"]
[BlackElo "2203"]

1.d4 d5 2.c4 Nc6 3.Nf3 Bg4 4.cxd5 Bxf3 5.gxf3 Qxd5 6.e3 e5 7.Nc3 Bb4 8.Bd2 Bxc3
9.bxc3 exd4 10.cxd4 Nge7 11.Rb1 O-O 12.Bd3 b6 13.Qc2 Rad8 14.Rb5 Nxd4 15.exd4 Qxd4
16.Bxh7+ Kh8 17.Rh5 Rd5 18.Rh3 Re8 19.Be4+ Kg8 20.Bxd5 Nxd5+ 21.Kf1 f5 22.Qc6 Qd3+
23.Kg2 Re2 24.Bc1 f4 25.Rf1 Re5 26.Rh5  1-0

[Event "FSGM June"]
[Site "Budapest HUN"]
[Date "2006.06.05"]
[Round "2"]
[White "Kovacs,Ga2"]
[Black "Turzo,A"]
[Result "1/2-1/2"]
[WhiteElo "2456"]
[BlackElo "2352"]

1.d4 d5 2.c4 Nc6 3.Nc3 dxc4 4.Nf3 Nf6 5.Bg5 h6 6.Bh4 a6 7.d5 Na5 8.e4 c6
9.dxc6 Qxd1+ 10.Rxd1 bxc6 11.Bg3 Ra7 12.Ne5 Be6 13.f3 Nd7 14.Bf2 Rb7 15.Nxd7 Bxd7
16.Be2 Rxb2 17.O-O e5 18.Rb1 Rb5 19.Rfd1 Be6 20.Kf1 Ba3 21.Be1 Nb7 22.Nxb5 axb5
23.Bb4 Bxb4 24.Rxb4 Nc5 25.a4 Nxa4 26.Rd6 Bd7 27.Bxc4 Ke7 28.Rd2 Nc5 29.Ba2 Ra8
30.Rb1 Ne6 31.Bxe6 Bxe6 32.Rc1 Bc4+ 33.Kf2 c5 34.g3 f6 35.h4 Rc8 36.Ke3 Be6
37.Ra1 Rc7 38.Ra6 c4 39.Rdd6 Bd7 40.Rdb6 c3 41.Ra1 Rc5 42.Kd3 Kd8 43.Kc2 Kc7
44.Rba6 b4 45.Ra7+ Kc8 46.Ra8+ Kc7 47.R8a7+ Kc8 48.Ra8+ Kc7  1/2-1/2

[Event "28th Nezhmetdinov mem"]
[Site "Kazan RUS"]
[Date "2006.06.08"]
[Round "8"]
[White "Jusupov,T"]
[Black "Hamidullin,A"]
[Result "1-0"]
[WhiteElo "2084"]
[BlackElo "2262"]

1.d4 d5 2.c4 Nc6 3.cxd5 Qxd5 4.Nf3 e5 5.dxe5 Qxd1+ 6.Kxd1 Bf5 7.Nc3 O-O-O+
8.Bd2 Nge7 9.e4 Bg4 10.Be2 Bxf3 11.gxf3 Nxe5 12.Kc2 N7c6 13.Be3 Nb4+ 14.Kb3 a6
15.Rad1 Be7 16.a3 Nbc6 17.f4 Ng6 18.Rhg1 Bf6 19.Nd5 Rhe8 20.e5 Bh4 21.Rd2 Kb8
22.Rgd1 Nge7 23.Nxe7 Bxe7 24.Bf3 Rxd2 25.Rxd2 Rd8 26.Be4 h6 27.Bd5 f6 28.Bxc6 Rxd2
29.Bxd2 bxc6 30.Kc4 fxe5 31.fxe5 Kc8 32.f4 g6 33.Bb4 Bh4 34.Bf8 Kd7 35.Bxh6  1-0

[Event "2nd Festival"]
[Site "Lodi ITA"]
[Date "2006.06.09"]
[Round "7"]
[White "Izsak,Gyu"]
[Black "Peredy,F"]
[Result "1/2-1/2"]
[WhiteElo "2434"]
[BlackElo "2343"]

1.d4 d5 2.c4 Nc6 3.Nf3 Bg4 4.e3 e5 5.dxe5 d4 6.exd4 Bxf3 7.Qxf3 Qxd4 8.Nc3 Qxe5+
9.Be2 O-O-O 10.O-O Bd6 11.Qh3+ f5 12.Be3 Nf6 13.Rfe1 Kb8 14.Rad1 f4 15.Bc1 g5  1/2-1/2

[Event "TCh-NOR Open"]
[Site "Oslo NOR"]
[Date "2006.06.09"]
[Round "3"]
[White "Skodvin,E"]
[Black "Bae,T"]
[Result "1-0"]
[WhiteElo "2267"]
[BlackElo "2284"]

1.d4 d5 2.c4 Nc6 3.Nf3 e5 4.Nxe5 Nxe5 5.dxe5 dxc4 6.Qxd8+ Kxd8 7.e4 Be6 8.f4 g6
9.Be3 c6 10.Nd2 b5 11.a4 Bb4 12.axb5 cxb5 13.Be2 f6 14.O-O fxe5 15.Nf3 Ne7
16.Nxe5 Kc7 17.Rxa7+ Rxa7 18.Bxa7 Ra8 19.Bd4 Rd8 20.Be3 Nc6 21.Nxc6 Kxc6
22.Ra1 Bc8 23.Kf2 Bc5 24.Bxc5 Kxc5 25.Ke3 Kb4 26.Ra3 h5 27.h3 h4 28.Bg4 Bb7
29.Bf3 Rd7 30.e5 Bxf3 31.gxf3 Rd1 32.f5 gxf5 33.Kf4 Kc5 34.Re3 Rd4+ 35.Kxf5 Rd3
36.Kf4 Rd4+ 37.Re4 b4 38.Ke3 Rd8 39.e6 c3 40.e7 Re8 41.bxc3 bxc3 42.Kd3 Kd6
43.Kxc3 Rxe7 44.Rxe7 Kxe7 45.Kd4 Kf6 46.Ke4 Kg5 47.Ke5  1-0

[Event "FSGM June"]
[Site "Budapest HUN"]
[Date "2006.06.10"]
[Round "7"]
[White "Ilincic,Z"]
[Black "Turzo,A"]
[Result "1/2-1/2"]
[WhiteElo "2536"]
[BlackElo "2352"]

1.d4 d5 2.c4 Nc6 3.Nf3 Bg4 4.Nc3 e6 5.e3 Nf6 6.Be2 Be7 7.O-O O-O 8.b3 Ne4
9.Nxe4 dxe4 10.Nd2 Bxe2 11.Qxe2 f5 12.Bb2 Bf6 13.f3 Nxd4 14.Bxd4 Bxd4 15.Rad1 Bb6
16.Nxe4 Qe7 17.Nf2 Rad8 18.g3 Qc5 19.Rxd8 Rxd8 20.Rd1 Rd6 21.Rd4 Qc6 22.Rxd6 cxd6
23.Kg2 Qc5 24.e4 Qxf2+ 25.Qxf2 Bxf2 26.Kxf2 fxe4 27.fxe4 e5 28.b4 Kf7 29.c5 dxc5
30.bxc5 b5 31.cxb6 axb6 32.Kf3 Kf6 33.Kg4 g6 34.a4 h6 35.Kf3 Ke6 36.Ke3 Kd6
37.Kd3 Kc5 38.Kc3 h5 39.h4 b5 40.a5 b4+ 41.Kb3 Kb5 42.a6 Kxa6 43.Kxb4 Kb6
44.Kc4 Kc6  1/2-1/2

[Event "2nd Festival"]
[Site "Lodi ITA"]
[Date "2006.06.11"]
[Round "9"]
[White "Astengo,M"]
[Black "Masotti,R"]
[Result "1/2-1/2"]
[WhiteElo "2096"]
[BlackElo "1856"]

1.d4 d5 2.c4 Nc6 3.Nc3 dxc4 4.e3 Nf6 5.Bxc4 e5 6.d5 Na5 7.Be2 c6 8.e4 Bb4
9.Qa4 Bxc3+ 10.bxc3 b5 11.Qb4 cxd5 12.Bxb5+ Bd7 13.exd5 Rb8 14.Bxd7+ Nxd7
15.Qa3 Nc4 16.Qa4 Qh4 17.Ne2 Qe4 18.Ba3 Rb1+ 19.Rxb1 Qxb1+ 20.Bc1 Qe4 21.Qc6 Nb6
22.Be3 O-O 23.O-O Qxd5 24.Qxd5 Nxd5 25.Rd1 N7f6 26.a3 Nxe3 27.fxe3 Rc8 28.Rb1 Kf8
29.Rb7 a6 30.Rb6 Nd5 31.Rxa6 Nxc3 32.Nxc3 Rxc3 33.Kf2 Ke7 34.a4 e4  1/2-1/2

[Event "FSGM June"]
[Site "Budapest HUN"]
[Date "2006.06.12"]
[Round "9"]
[White "Jakab,A"]
[Black "Turzo,A"]
[Result "1-0"]
[WhiteElo "2414"]
[BlackElo "2352"]

1.d4 d5 2.c4 Nc6 3.Nc3 dxc4 4.Nf3 Nf6 5.d5 Na5 6.e4 c6 7.Ne5 Nd7 8.Nxc4 Nxc4
9.Bxc4 Nb6 10.Bb3 e6 11.O-O Bb4 12.Qd4 Bxc3 13.Qxc3 Qf6 14.e5 Qg6 15.dxc6 O-O
16.Bc2 Qh5 17.Be4 bxc6 18.Bxc6 Rb8 19.Bf3 Qf5 20.Qc7 Ba6 21.Re1 Nc4 22.Qxa7 Bb5
23.Qd4 Rfd8 24.Qh4 Nxe5 25.Be4 Qg4 26.Qxh7+ Kf8 27.h3 Rd1 28.Be3 Rxa1 29.Rxa1 Qe2
30.Qh8+ Ke7 31.Qxb8  1-0

[Event "VIII Open"]
[Site "Salou ESP"]
[Date "2006.06.14"]
[Round "8"]
[White "Benitah,Y"]
[Black "Mirzoev,A"]
[Result "0-1"]
[WhiteElo "2417"]
[BlackElo "2532"]

1.d4 d5 2.c4 Nc6 3.Nf3 Bg4 4.cxd5 Bxf3 5.gxf3 Qxd5 6.e3 e5 7.Nc3 Bb4 8.Bd2 Bxc3
9.bxc3 Nge7 10.c4 Qd7 11.d5 Nd8 12.Bc3 f6 13.Rg1 O-O 14.Rg3 Kh8 15.Qd2 c5
16.Bd3 Nf5 17.Bxf5 Qxf5 18.Ke2 b6 19.Rag1 Rf7 20.e4 Qh5 21.Ke1 Nb7 22.f4 Re8
23.fxe5 fxe5 24.Qg5 Qxg5 25.Rxg5 Nd6 26.Bxe5 h6 27.Rh5 Nxc4 28.Rxh6+ Kg8
29.Re6 Rxe6 30.dxe6 Re7 31.Bc3 Nd6 32.f3 Ne8 33.Ke2 Rxe6 34.Ke3 b5 35.f4 Ra6
36.Ra1 Ra3 37.Kd2 Nd6 38.Kc2 Nxe4 39.Be5 Kf7 40.Rg1 g6 41.Kb2 Rf3 42.Rg2 Nf2
43.Kc2 Nd3 44.Bb8 Ne5  0-1

[Event "Open A"]
[Site "Balatonlelle HUN"]
[Date "2006.06.20"]
[Round "4"]
[White "Berczes,D"]
[Black "Takacs,G"]
[Result "1-0"]
[WhiteElo "2450"]
[BlackElo "2126"]

1.d4 d5 2.c4 Nc6 3.Nf3 Bg4 4.Nc3 e6 5.cxd5 exd5 6.Bf4 Bd6 7.Bg3 Nf6 8.e3 a6
9.Bd3 O-O 10.Bh4 Bb4 11.O-O Bxc3 12.bxc3 Qd6 13.Qc2 h6 14.Nd2 Bh5 15.Rab1 Na5
16.c4 dxc4 17.Nxc4 Nxc4 18.Qxc4 b5 19.Qc2 Nd5 20.Bg3 Qb6 21.Rfc1 Rac8 22.a4 Bg6
23.Bxg6 fxg6 24.axb5 axb5 25.Qb3 Qe6 26.e4 Nf4 27.Qxe6+ Nxe6 28.d5 Nd4 29.Kf1 Rf6
30.Be5  1-0

[Event "34th World Open"]
[Site "Philadelphia USA"]
[Date "2006.06.30"]
[Round "3"]
[White "Henry,R"]
[Black "Clancy,D"]
[Result "0-1"]
[WhiteElo "2162"]
[BlackElo "2170"]

1.d4 d5 2.c4 Nc6 3.cxd5 Qxd5 4.Nf3 e5 5.Nc3 Bb4 6.Bd2 Bxc3 7.Bxc3 e4 8.Ne5 Nxe5
9.dxe5 Ne7 10.e3 O-O 11.Be2 Bf5 12.f4 exf3 13.gxf3 Qe6 14.e4 Bh3 15.Qd2 Ng6
16.Rg1 Nxe5 17.O-O-O f6 18.Rg3 Nf7 19.Rdg1 Ng5 20.Rxg5 fxg5 21.Qxg5 Rf7 22.Bxg7 h6
23.Bxh6+ Kh7 24.Bg7 Kg8 25.Bf6+  0-1

[Event "Open"]
[Site "Marseille FRA"]
[Date "2006.07.03"]
[Round "5"]
[White "Dobrev,N"]
[Black "Karpatchev,A"]
[Result "0-1"]
[WhiteElo "2407"]
[BlackElo "2521"]

1.d4 d5 2.c4 Nc6 3.cxd5 Qxd5 4.Nf3 e5 5.Nc3 Bb4 6.Bd2 Bxc3 7.Bxc3 e4 8.Ne5 e3
9.fxe3 Nxe5 10.dxe5 Ne7 11.Qa4+ Bd7 12.Qa3 Qe6 13.O-O-O O-O 14.g4 Bc6 15.Rg1 Rfd8
16.Bh3 Nd5 17.Bd4 a5 18.Rd2 Nb4 19.b3 Be4 20.Qb2 c5 21.Bc3 Nd5 22.Rg3 b5
23.g5 Qg6 24.e6 fxe6 25.Bf6 Re8 26.Qe5 Kh8 27.Bxg7+ Qxg7 28.Qxe4 a4 29.Qb1 axb3
30.e4 bxa2 31.Rxa2 Nc3 32.Rxa8 Rxa8 33.Qb2 Nxe2+ 34.Qxe2 Qa1+ 35.Kd2 Ra2+
36.Ke3 Qd4+ 37.Kf3 Rxe2 38.Kxe2 Qxe4+ 39.Re3 Qc4+ 40.Kf3 Qd5+ 41.Kf4 Qd4+
42.Re4 Qf2+ 43.Kg4 Qf5+  0-1

[Event "34th World Open"]
[Site "Philadelphia USA"]
[Date "2006.07.03"]
[Round "6"]
[White "Gagunashvili,M"]
[Black "Getz,S"]
[Result "1-0"]
[WhiteElo "2560"]
[BlackElo "2304"]

1.d4 d5 2.c4 Nc6 3.Nf3 Bg4 4.Nc3 e6 5.cxd5 Bxf3 6.exf3 exd5 7.Bb5 Nf6 8.Bxc6+ bxc6
9.O-O Be7 10.Na4 O-O 11.Be3 c5 12.dxc5 c6 13.Bd4 Nd7 14.Re1 Bf6 15.Re3 Rb8
16.b3 Rb4 17.Bxf6 Qxf6 18.Qe1 Rxa4 19.bxa4 Nxc5 20.Rd1 Nxa4 21.Qb4 Nb6 22.Rde1 h6
23.Qxf8+  1-0

[Event "34th World Open"]
[Site "Philadelphia USA"]
[Date "2006.07.04"]
[Round "8"]
[White "Muhammad,S"]
[Black "Getz,S"]
[Result "1-0"]
[WhiteElo "2384"]
[BlackElo "2304"]

1.d4 d5 2.c4 Nc6 3.Nf3 Bg4 4.e3 e6 5.Nc3 Nf6 6.h3 Bxf3 7.Qxf3 Bb4 8.Bd2 O-O
9.cxd5 exd5 10.Bb5 Ne7 11.O-O Nc8 12.Rfd1 Nd6 13.Bd3 c6 14.a3 Bxc3 15.Bxc3 a5
16.Rac1 Nfe4 17.Be1 f5 18.Qe2 Qd7 19.f3 Nf6 20.Bg3 g6 21.Qd2 b5 22.Qc3 Ra6
23.a4 Nc4 24.Re1 Re8 25.b3 Nh5 26.bxc4 bxc4 27.Bxc4 Rb6 28.Be5 dxc4 29.Qxc4+ Qe6
30.Qxe6+ Rxe6 31.Rc5 Ra6 32.Rb1 Nf6 33.Rb7 Nd5 34.Kf2 Nb6 35.Rg7+ Kf8 36.Rxh7 Nxa4
37.Rc1 Nb2 38.Rb1 Rb6 39.Kg3 a4 40.Ra7 Rb5 41.f4 Nc4 42.Rc1 Nxe3 43.Rxa4 Rb3
44.Kf2 Nd5 45.Ra8+ Kf7 46.Rca1 Re7 47.Rc8 Rc3 48.Ra6 Rc2+ 49.Kg3 Re6 50.Rh8 Re7
51.Raa8 Ne3 52.Rhf8+ Ke6 53.Rad8 Rb7 54.Rfe8+ Re7 55.Rd6+ Kf7 56.Rh8 Nf1+
57.Kh4 Rxg2 58.Rf6+ Kg7 59.Rxg6+ Kxg6 60.Rg8+ Kf7 61.Rxg2 Ke6 62.Rg6+ Kd5
63.Kg5 Ng3 64.Kf6 Re6+ 65.Kf7 Rxg6 66.Kxg6 Ne2 67.h4 Nxd4 68.Bxd4  1-0

[Event "Open"]
[Site "Marseille FRA"]
[Date "2006.07.05"]
[Round "7"]
[White "Jedynak,R"]
[Black "Karpatchev,A"]
[Result "1/2-1/2"]
[WhiteElo "2444"]
[BlackElo "2521"]

1.d4 d5 2.c4 Nc6 3.Nc3 dxc4 4.Nf3 Nf6 5.e4 Bg4 6.Be3 e6 7.Bxc4 Bb4 8.Qc2 O-O
9.O-O-O Bxc3 10.bxc3 Qe7 11.h3 Bxf3 12.gxf3 Rfb8 13.Bd3 b5 14.Kd2 e5 15.d5 Na5
16.Rb1 c6 17.dxc6 Qd6 18.Ke2 Qxc6 19.Rb4 a6 20.a4 Nc4 21.axb5 axb5 22.Bxc4 bxc4
23.Rxb8+ Rxb8 24.Rb1 Rc8 25.h4 Nh5 26.Qa2 h6 27.Qa7 Qe8 28.Qa6 Kh7 29.Qb5 Qe6
30.Rd1 Ra8 31.Qd7 Ra2+ 32.Ke1 Qg6 33.Qf5 Rc2 34.Rd7 Qxf5 35.exf5 Rxc3 36.Rxf7 Ra3
37.Re7 Ra5 38.Rc7 Ra6 39.Rxc4 Rf6 40.f4 exf4 41.Bxf4 Rxf5 42.Bg3  1/2-1/2

[Event "II Balazs-Diak Cup U-18"]
[Site "Balatonlelle HUN"]
[Date "2006.07.06"]
[Round "6"]
[White "Miovecz,A"]
[Black "Tamas,M"]
[Result "0-1"]
[WhiteElo "1698"]
[BlackElo "2043"]

1.d4 d5 2.c4 Nc6 3.Nf3 Bg4 4.e3 e5 5.Be2 Bb4+ 6.Bd2 Bxd2+ 7.Qxd2 e4 8.Ng1 Be6
9.cxd5 Bxd5 10.Nc3 Nge7 11.Bb5 a6 12.Ba4 O-O 13.Nge2 f5 14.O-O Qd6 15.Nxd5 Nxd5
16.Bb3 Ne7 17.f3 exf3 18.gxf3 Kh8 19.Kh1 Qh6 20.f4 Nf6 21.Ng3 Rae8 22.Rac1 c6
23.Rfe1 Ng4 24.Re2 Qh3 25.Qe1 Ng6 26.Rcc2 Re7 27.Bc4 Nh4 28.Qf1 Qxf1+ 29.Nxf1 Rfe8
30.Rc3 Ng6 31.h3 Nf6 32.Ng3 Ne4 33.Nxe4 Rxe4 34.d5 cxd5 35.Bxd5 Nxf4 36.Rd2 Nxd5
37.Rxd5 g6 38.Rdd3 R8e7 39.Kg2 f4 40.exf4 Re2+ 41.Kg3 Rxb2 42.a3 Kg7 43.Rd6 Rbe2
44.Rdd3 Re1 45.Kf2 Kf6 46.Rb3 Kf5 47.Rf3 R7e2+ 48.Kg3 Rg1+ 49.Kh4 Re7 50.Rg3 Rf1
51.Rg5+ Kf6 52.Rb6+ Re6 53.Rxe6+ Kxe6 54.Re5+ Kf6 55.Kg3 Rb1 56.Re3 Rb5 57.Rd3 Rb6
58.Kg4 h6 59.h4 Rc6 60.Rb3 b5 61.Rb4 Rc4 62.Rb3 g5 63.hxg5+ hxg5 64.Rh3 Rxf4+
65.Kg3 Rh4  0-1

[Event "ch-NOR"]
[Site "Moss NOR"]
[Date "2006.07.08"]
[Round "1"]
[White "Agdestein,S"]
[Black "Bae,T"]
[Result "1-0"]
[WhiteElo "2575"]
[BlackElo "2284"]

1.d4 d5 2.c4 Nc6 3.cxd5 Qxd5 4.e3 e5 5.Nc3 Bb4 6.a3 Bxc3+ 7.bxc3 Nf6 8.c4 Qd6
9.d5 Ne7 10.a4 Ne4 11.Ba3 Nc5 12.Ne2 f5 13.Nc3 Bd7 14.Be2 O-O 15.O-O b6 16.Nb5 Bxb5
17.cxb5 Kh8 18.Qc2 f4 19.e4 f3 20.Bxf3 Rxf3 21.gxf3 Qg6+ 22.Kh1 Qh5 23.Qd1 Ng6
24.Bxc5 bxc5 25.Rg1 Nf4 26.Rg3 Rf8 27.d6 c4 28.dxc7 Nd3 29.Qc2 Qf7 30.Rd1 Qd7
31.Kg1 Qd4 32.f4  1-0

[Event "FSIM July"]
[Site "Budapest HUN"]
[Date "2006.07.10"]
[Round "10"]
[White "Galyas,M"]
[Black "Shanmugam,R"]
[Result "1-0"]
[WhiteElo "2390"]
[BlackElo "2156"]

1.d4 d5 2.c4 Nc6 3.Nc3 e5 4.cxd5 Nxd4 5.e3 Nf5 6.Bb5+ Bd7 7.Qb3 Nd6 8.Bxd7+ Qxd7
9.Nf3 f6 10.e4 g5 11.Be3 h5 12.Nd2 Nh6 13.h3 Nhf7 14.O-O-O Bh6 15.Kb1 Kf8
16.Rc1 Kg7 17.Qd1 Kg6 18.Qe2 Rac8 19.g3 g4 20.hxg4 hxg4 21.Nf1 Ng5 22.Ka1 Ngxe4
23.Nxe4 Bxe3 24.Nxf6 Kxf6 25.Nxe3 Rxh1 26.Rxh1 Rg8 27.Rh4 Nf5 28.Nxg4+ Ke7
29.Rh7+ Rg7 30.Qxe5+ Kf8 31.Rh8+  1-0

[Event "6th Open"]
[Site "Saint Chely d'Aubrac FRA"]
[Date "2006.07.16"]
[Round "2"]
[White "Lengert,M"]
[Black "Furrer,M"]
[Result "1/2-1/2"]
[WhiteElo "1871"]
[BlackElo "2171"]

1.d4 d5 2.c4 Nc6 3.Nf3 Bg4 4.e3 e5 5.cxd5 Qxd5 6.Nc3 Bb4 7.Be2 exd4 8.exd4 O-O-O
9.Be3 Nf6 10.O-O Qd7 11.a3 Bd6 12.Rc1 Kb8 13.Qa4 Ne7 14.Bb5 c6 15.d5 Bxf3
16.Qxa7+ Kc8 17.gxf3 Nfxd5 18.Nxd5 Nxd5 19.Rxc6+ Qxc6 20.Bxc6 bxc6 21.Rc1 Ne7
22.Qa6+ Kd7 23.Re1 Rc8 24.Qd3 Kc7 25.Bb6+ Kxb6 26.Qxd6 Nd5 27.b4 Rhd8 28.Qc5+ Kb7
29.a4 Rc7 30.a5 Nf6 31.Ra1 Ra8 32.b5 cxb5 33.Qxb5+ Kc8 34.Qf5+ Kd8 35.Rd1+ Ke8
36.Qe5+ Re7 37.Qb5+ Kf8 38.a6 Ne8 39.Ra1 Rea7 40.Qd3 Kg8 41.Ra4 Nc7 42.Rd4 Ne6
43.Rd6 g6 44.Qc4 Kf8 45.Qb4 Kg7 46.Qc3+ Kf8 47.Qf6 Ke8 48.Rb6 Nf8 49.Qc6+ Nd7
50.Rb7 Rxb7 51.axb7 Rb8 52.Qc8+ Ke7 53.Qc7 g5 54.Kg2 Ke6 55.Kg3 f6 56.Qc6+ Ke7
57.Qe4+ Kd6 58.Qxh7 Rxb7 59.Qf5 Rb4 60.Qd3+ Ke6 61.Qe3+ Ne5 62.Qc3 Rf4 63.Qc8+ Kd5
64.Qd8+ Kc4 65.Qg8+ Kd4 66.Qd8+ Kc3 67.Qd5 Rxf3+ 68.Kg2 Rf4 69.h3 Nd3 70.Qc6+ Kd2
71.Qd5 Rxf2+ 72.Kg3 Rf4 73.Qg2+ Nf2 74.Qd5+ Ke3 75.Qc5+ Rd4 76.Qa3+ Rd3 77.Qe7+ Ne4+
78.Kg4 Rd5 79.Qa3+ Kd4 80.Qb2+ Nc3 81.Qf2+ Ke5 82.Qf5+ Kd4 83.Qxf6+ Re5 84.Qf2+ Kc4
85.Qf5 Rxf5 86.Kxf5 Kd5 87.Kxg5 Ke6 88.h4 Kf7 89.h5  1/2-1/2

[Event "32nd Open"]
[Site "Sitges ESP"]
[Date "2006.07.21"]
[Round "1"]
[White "Barsov,A"]
[Black "Marco Molina,R"]
[Result "1-0"]
[WhiteElo "2546"]
[BlackElo "2005"]

1.d4 d5 2.c4 Nc6 3.Nc3 dxc4 4.Nf3 Nf6 5.e3 e5 6.Bxc4 exd4 7.exd4 Bd6 8.O-O O-O
9.h3 h6 10.Qc2 a6 11.a3 b5 12.Ba2 Bb7 13.Re1 Ne7 14.Ne5 Ned5 15.Ne4 Re8 16.Nc5 Qc8
17.Bd2 Rb8 18.Rac1 Nb6 19.Bxf7+  1-0

[Event "Czech Open A"]
[Site "Pardubice CZE"]
[Date "2006.07.26"]
[Round "6"]
[White "Bernasek,J"]
[Black "Chatalbashev,B"]
[Result "1-0"]
[WhiteElo "2459"]
[BlackElo "2507"]

1.d4 d5 2.c4 Nc6 3.cxd5 Qxd5 4.e3 e5 5.Nc3 Bb4 6.Bd2 Bxc3 7.bxc3 Nf6 8.f3 O-O
9.Bd3 exd4 10.cxd4 Nxd4 11.exd4 Qxd4 12.Be2 Nd5 13.Rc1 Re8 14.Bg5 Qe5 15.Qd2 Bf5
16.Kf2 h6 17.Rc5 c6 18.Bh4 Qc7 19.Qxd5 Qf4 20.Qc4 Re4 21.Qc3  1-0